| 000 | 00541nam a2200193 a 4500 | ||
|---|---|---|---|
| 001 | 1770451648215 | ||
| 003 | YourLibrary | ||
| 005 | 20260207134015.0 | ||
| 008 | 260207s2010##################000#0#eng## | ||
| 020 | _a9788180386350 | ||
| 082 | 0 | 4 |
_a332.632 _bVIN |
| 100 | 1 |
_aKothari, Vinod, _eauthor. |
|
| 245 | 1 | 0 | _aSecuritisation, Asset Reconstruction and Enforcement of Security Interests : |
| 260 | _c2010. | ||
| 300 | _a1170 pages | ||
| 650 | 0 | _aAsset-backed financing. | |
| 942 | _cENGLISH | ||
| 040 |
_aYourLibrary _beng _cYourLibrary |
||
| 999 |
_c610802 _d610802 |
||